Statistics for the next step season 6

Click here to take the quiz!

General Stats

  • This quiz has been taken 12 times
  • The average score is 10 of 15

Answer Stats

HintAnswer% Correct
who is richelle's boyfriendelliot
88%
who is miss angela's daughterlily
88%
who is dance captainnoah
88%
in reginals who calms down richelle from
her break-up
ozzy
88%
who does ozzy have a crush onrichelle
88%
who is known as dance zillarichelle
88%
who steps in to help out acronationsummer
88%
how old does noah turn on the day of the
convention
18
75%
who were crowned king at queen at
the prom
henry and summer
75%
who went to space campkenzie
75%
what animal was amy and simone dressed
as for the reginals ballet routine
rabbit
63%
what level does winnie got up to in
legends of lasers
101
50%
what is the studio in the same building as the
next step
acronation
50%
what did eldon give to michelle and
emily as a peace offering
an orchid
38%
what science experiment does
jacquie keep in her locker
egg and vinegar
0%

Score Distribution

Percentile by Number Answered

Percent of People with Each Score

Your Score History

You have not taken this quiz